Guia do museu Calouste Gulbenkian (Registo nº 202837)
[ vista simples ]
| 000 -Etiqueta do registo | |
|---|---|
| Valores | 00674nam 22002053 4500 |
| 010 ## - Número ISBN | |
| ISBN | 972-8128-92-4 |
| 021 ## - Número do Depósito Legal | |
| Código do país | Portugal |
| Número | 205428/04 |
| 100 ## - Dados gerais de processamento | |
| Dados gerais | 20260702d u||y0pory50 ba |
| 200 ## - Titulo e menção de responsabilidade | |
| Título próprio | Guia do museu Calouste Gulbenkian |
| Primeira menção de responsabilidade | coordenação João Castel-Branco Pereira, Nuno Vassallo e Silva |
| 210 ## - Publicação | |
| Local de publicação | Lisboa |
| Nome do editor | Fundação Calouste Gulbenkian |
| Data de publicação | cop. 2004 |
| 215 ## - Descrição física | |
| Paginação / Volumes | 255 p. |
| Outras indicações físicas | il. ; brochado |
| Dimensões | 24 cm |
| 606 ## - Nome comum usado como assunto | |
| ID Autoridade | 8193 |
| Palavra de ordem | Museus. Exposição permanente |
| 675 ## - CDU | |
| Notação | 069 |
| Edição | PT |
| Língua | por |
| 701 ## - Co-autor principal (pessoa individual) | |
| ID Autoridade | 9814 |
| Apelido | Pereira |
| Nome | João Castel-Branco |
| Datas | 1947- |
| 702 ## - Autor secundário (pessoa individual) | |
| ID Autoridade | 17700 |
| Apelido | Silva |
| Nome | Nuno Vassallo e |
| 801 ## - Fonte de origem | |
| País | PT |
| Agência | BMMN |
| Regras de catalogação | RPC |
| 830 ## - Notas gerais do catalogador | |
| Criado por | Vanda |
| 990 ## - Elementos KOHA | |
| Tipo de documento | Livro |
| Situação do levantamento | Biblioteca de origem | Código de barras | Cota | Permissão de empréstimo | Tipo de documento | Forma de aquisição |
|---|---|---|---|---|---|---|
| Biblioteca Municipal de Montemor-o-Novo | 32359 | 069 GUI|DEP | Livro | Oferta |